000 00352nam a22001217a 4500
008 151027b xxu||||| |||| 00| 0 eng d
020 _a0155510053
050 _a512 STR
100 _aSTRANG GILBERT:
245 _aLINEAR ALGEBRA AND ITS APPLICATIONS:
250 _a3 RD.
260 _aSAN DIEGO,
_bHARCOURT BRACE JOVANOVICH, PUBLISHERS:
_c1988.
999 _c3821
_d3821